| 000 | 00877nam a22002657a 4500 | ||
|---|---|---|---|
| 001 | BR7908287 | ||
| 003 | BR-BrBNA | ||
| 005 | 20230928090347.0 | ||
| 007 | ta | ||
| 008 | 230509b bl.||||| |||| 00| 0 por d | ||
| 040 |
_aBR-BrBNA _bpor _cBiblioteca Nacional de Agricultura |
||
| 041 | _a(Por) | ||
| 072 |
_aP20 _b/G514 |
||
| 090 | _ P20 BR7908287 | ||
| 100 | 1 | _aPadua, M.T.J. | |
| 100 | 1 | _aCoimbra Filho, A.F. | |
| 110 | 1 |
_aInstituto Brasileiro de Desenvolvimento Florestal, Brasilia, DF _95726 |
|
| 245 | 1 | _aOs parques nacionais do Brasil | |
| 260 | 3 |
_aMadrid (Spain): _bInstituto de la Caza Fotografica y Ciencias de la Natureza, _c1979. |
|
| 300 | _a224 p. | ||
| 500 | _a49 ref. (*) Documento disponível na(o) Instituto Brasileiro de Desenvolvimento Florestal, Brasilia, DF | ||
| 650 | _aPARQUE NACIONAL | ||
| 909 |
_a202309 _bLucia _c55 _dLucia Elande |
||
| 942 | _cBK | ||
| 999 |
_c28557 _d28557 |
||